000 00522nam a2200181Ia 4500
008 100921s9999 xx 000 0 und d
082 _b6167
_a891.462 थ 50
100 _aकाणेकर अनंत.
245 _aफांस.
260 _bदेशमुख आणि कंपनी,पुणे.
_c1950
300 _a92
_b---
365 _b2
520 _aललित-नाटके.
630 _aफांस.
650 _aललित-नाटके.
730 _aफांस.
942 _cBOOK
999 _c755280
_d755277